| 000 | 00407nam a22001457a 4500 | ||
|---|---|---|---|
| 005 | 20200611135150.0 | ||
| 008 | 200611b xxu||||| |||| 00| 0 eng d | ||
| 082 | _a345.4 AIR | ||
| 110 |
_aALL INDIA REPORTER, _96000 |
||
| 245 | _aALL INDIA REPORTER, [2001] [VOL-88] SUPREME COURT SECTION | ||
| 260 |
_aBOMBAY _bALL INDIA REPORTER, PVT. LTD. |
||
| 300 | _a1200;p | ||
| 650 |
_aLAW _95701 |
||
| 942 | _cJRL | ||
| 999 |
_c7059 _d7057 |
||